<?xml version="1.0" encoding="UTF-8"?>
<record
    xmlns:xsi="http://www.w3.org/2001/XMLSchema-instance"
    xsi:schemaLocation="http://www.loc.gov/MARC21/slim http://www.loc.gov/standards/marcxml/schema/MARC21slim.xsd"
    xmlns="http://www.loc.gov/MARC21/slim">

  <leader>01432nam a22001337a 4500</leader>
  <datafield tag="999" ind1=" " ind2=" ">
    <subfield code="c">532970</subfield>
    <subfield code="d">532970</subfield>
  </datafield>
  <controlfield tag="008">260407b           ||||| |||| 00| 0 eng d</controlfield>
  <datafield tag="100" ind1=" " ind2=" ">
    <subfield code="a">Garcias, Fr&#xE9;d&#xE9;ric  Dalmasso, C&#xE9;dric and  Depeyre, Colette </subfield>
    <subfield code="9">59996</subfield>
  </datafield>
  <datafield tag="245" ind1=" " ind2=" ">
    <subfield code="a"> &#x201C;Can&#x2019;t remember what i forgot:&#x201D; investigating organizational forgetting within a project-based organization</subfield>
  </datafield>
  <datafield tag="260" ind1=" " ind2=" ">
    <subfield code="a">Project Management Journal  </subfield>
  </datafield>
  <datafield tag="300" ind1=" " ind2=" ">
    <subfield code="a">56(6), Dec, 2025: p.743-759</subfield>
  </datafield>
  <datafield tag="520" ind1=" " ind2=" ">
    <subfield code="a">This article is based on the study of an engineering organization that is experiencing major difficulties on its first new project in 10 years. It contributes to the literature on organizational forgetting in project-based organizations, examining how this phenomenon can be perceived and assessed. The analysis of the data provides a better understanding of the conditions under which a situation of accidental forgetting can be (mis)identified. The case reveals that, due to five sources of ambiguity linked to the identification process&#x2014;latency, novelty, multiplicity, complexity, and credibility&#x2014;the forgetting phenomenon may be underestimated or the subject of contradictory assessments within the organization.-Reproduced 


https://journals.sagepub.com/doi/full/10.1177/87569728241286045?_gl=1*w8kuec*_up*MQ..*_ga*MTkxMjQyMjc4OC4xNzc1NTUyNDU4*_ga_60R758KFDG*czE3NzU1NTI0NTckbzEkZzEkdDE3NzU1NTI0NzIkajQ1JGwwJGg4NjgxOTYyNDQ.</subfield>
  </datafield>
  <datafield tag="773" ind1=" " ind2=" ">
    <subfield code="a">Project Management Journal  </subfield>
  </datafield>
  <datafield tag="942" ind1=" " ind2=" ">
    <subfield code="c">AR</subfield>
  </datafield>
  <datafield tag="952" ind1=" " ind2=" ">
    <subfield code="0">0</subfield>
    <subfield code="1">0</subfield>
    <subfield code="2">ddc</subfield>
    <subfield code="4">0</subfield>
    <subfield code="7">0</subfield>
    <subfield code="9">408143</subfield>
    <subfield code="a">IIPA</subfield>
    <subfield code="b">IIPA</subfield>
    <subfield code="d">2026-04-07</subfield>
    <subfield code="h">56(6), Dec, 2025: p.743-759</subfield>
    <subfield code="p">AR138484</subfield>
    <subfield code="r">2026-04-07</subfield>
    <subfield code="y">AR</subfield>
  </datafield>
</record>
